000 00437nam a2200169Ia 4500
008 230524s9999 xx 000 0 und d
020 _a8121923085
082 _a658.45
_bLAL
100 _aJawahar Lal
245 0 _a"Advanced Management Accounting : Text,Problems And Cases"
250 _aIST
260 _aNEW DELHI
_bS.Chand
_c2009
300 _aXXVII;16.25
500 _aQuantity Number: 8
650 _aManagement
942 _cBK
999 _c43302
_d43302